Neuromarketingové výskumné metódy

Možností na meranie mozgovej aktivity pre neuromarketingové účely je niekoľko, avšak správna voľba metódy merania a použitie marketingových nástrojov alebo stimulov je pre marketingových pracovníkov náročná. Príklad elektroencefalografického merania a jeho výstupov. Magnetoencefalografia. Funkčná ma...

Descrizione completa

Salvato in:
Dettagli Bibliografici
Autore principale: Majtán, Štefan
Altri autori: Šlosár, Róbert
Natura: Capitolo di libro
Lingua:slovacco
Soggetti:
Tags: Aggiungi Tag
Nessun Tag, puoi essere il primo ad aggiungerne!!

MARC

LEADER 00000nla a2200000 4500
001 0240213
005 20240522133843.1
041 0 |a slo 
044 |a SK 
245 1 0 |a Neuromarketingové výskumné metódy  |c Štefan Majtán, Róbert Šlosár 
520 |a Možností na meranie mozgovej aktivity pre neuromarketingové účely je niekoľko, avšak správna voľba metódy merania a použitie marketingových nástrojov alebo stimulov je pre marketingových pracovníkov náročná. Príklad elektroencefalografického merania a jeho výstupov. Magnetoencefalografia. Funkčná magnetická rezonancia. Eyetracking. 
610 2 0 |a neuromarketing 
610 2 0 |a psychológia 
610 2 0 |a psychológia aplikovaná 
610 2 0 |a meranie 
610 2 0 |a nástroje marketingové 
610 2 0 |a metódy 
610 2 0 |a vedy aplikované 
610 2 0 |a vedy kognitívne 
100 1 |a Majtán, Štefan 
700 1 |a Šlosár, Róbert